|
|
|
|
| LEADER |
01405nam a2200361 a 4500 |
| 001 |
000113973 |
| 003 |
CZ BrMZK |
| 005 |
20080627085401.0 |
| 007 |
ta |
| 008 |
010907s1996 xr f cze d |
| 015 |
|
|
|a cnb000190264
|
| 020 |
|
|
|a 80-7078-345-1
|
| 035 |
|
|
|a (OCoLC)37252526
|
| 035 |
|
|
|a (OCoLC)37252526
|
| 040 |
|
|
|a BOA001
|b cze
|
| 080 |
|
|
|a 14(075.8)
|2 MRF
|
| 100 |
1 |
|
|a Feber, Jaromír,
|d 1960-
|7 ola2003198114
|4 aut
|
| 245 |
1 |
0 |
|a Filozofická antropologie /
|c Jaromír Feber
|
| 250 |
|
|
|a 1. vyd.
|
| 260 |
|
|
|a Ostrava :
|b VŠB-Technická univerzita,
|c 1996
|
| 300 |
|
|
|a 67 s. ;
|c 29 cm
|
| 504 |
|
|
|a Obsahuje bibliografii
|
| 521 |
8 |
|
|a Určeno pro posluchače 1. a 2. roč. všech fakult
|
| 653 |
0 |
|
|a filozofická antropologie
|
| 710 |
2 |
|
|a Vysoká škola báňská - Technická univerzita Ostrava.
|b Katedra společenských věd
|7 mzk2004217258
|
| 910 |
|
|
|a BOA001
|b 4-1028.044
|b PK-N-0032.886
|b TK-A-0264.786
|
| 920 |
|
|
|a 000127454
|
| 920 |
|
|
|a 000400599
|
| 964 |
|
|
|a Antropologie filozofická
|x učebnice
|x školy vysoké
|
| 990 |
|
|
|a BK
|
| 996 |
6 |
|
|b 2610045912
|c 4-1028.044
|l MZK
|r Sklad / do 1 hodiny
|n 16
|p p.v.
|w 000113973
|u 000010
|a 1
|e BOA001
|j MZK50
|s P
|
| 996 |
7 |
|
|b 2620014044
|c TK-A-0264.786
|l MZK
|r Sklad / do 24 hodin
|n 18
|p kup
|w 000113973
|u 000030
|a 1
|e BOA001
|j MZK50
|s A
|
| 996 |
7 |
|
|b 3119006478
|c PK-N-0032.886
|l MZK
|r Sklad / do 1 hodiny
|n 10
|p kup
|w 000113973
|u 000020
|a 1
|e BOA001
|j MZK50
|s A
|